Diseño de espesores de pavimentos flexible para la carretera Esquipulas- Muy Muy usando el método ASSTHO 93

Presenta un diseño de espesores de pavimentos flexible para la carretera Esquipulas- Muy Muy usando el método ASSTHO 93. La pavimentación de caminos es una práctica normal para mejorar la calidad de las vías de manera que sean vistas como rutas óptimas para el traslado rápido y seguro de merc...

Full description

Bibliographic Details
Main Author: Martínez Rodríguez, Alejandro Joel,
Other Authors: Tutor: Morales Urbina, Israel
Format: Tesis Section = Libro
Language:Undetermined
Spanish
Published: Managua UNI 2012
Subjects:
LEADER 01276nam a2200253Ia 4500
008 240830s9999 xx 000 0 und d
040 |a BIBLIOTECA-RUPAP T.Mon 625.85 M385 
041 |a spa 
082 |a T.Mon 625.85 M385 
100 1 |a Martínez Rodríguez, Alejandro Joel, 
245 1 0 |a Diseño de espesores de pavimentos flexible para la carretera Esquipulas- Muy Muy usando el método ASSTHO 93 
260 |a Managua  |b UNI  |c 2012 
300 |a 93 p. :il. 
500 |a Contiene: anexos. 
502 |a Tesis (Ingeniero Civil)- UNI, 2012. 
520 3 |a Presenta un diseño de espesores de pavimentos flexible para la carretera Esquipulas- Muy Muy usando el método ASSTHO 93. La pavimentación de caminos es una práctica normal para mejorar la calidad de las vías de manera que sean vistas como rutas óptimas para el traslado rápido y seguro de mercancía así como personas. El proyecto se encuentra localizado en la zona Central de Nicaragua, en el departamento de Matagalpa y conecta los municipios de Esquipulas y Muy Muy. 
650 7 |a PAVIMENTOS 
650 7 |b PAVIMENTOS FLEXIBLES 
650 7 |c CARRETERAS-MANTENIMIENTO Y REPARACION 
650 7 |e ASFALTO 
700 1 |a Tutor:  |b Morales Urbina, Israel 
942 |c BK  |2 ddc 
991 |a TESIS 
999 |c 18359